Govt. of
Madhya Pradesh

A Record of Buddhistic Kingdoms (Record no. 63795)

MARC details
000 -LEADER
fixed length control field 00255nam a22001097a 4500
082 ## - DEWEY DECIMAL CLASSIFICATION NUMBER
Classification number 294.7
100 ## - MAIN ENTRY--AUTHOR NAME
Personal name James Legge
245 ## - TITLE STATEMENT
Title A Record of Buddhistic Kingdoms
260 ## - PUBLICATION, DISTRIBUTION, ETC. (IMPRINT)
Place of publication Delhi
Name of publisher Pallavi Pub
Year of publication 2019
650 ## - SUBJECT ADDED ENTRY--TOPICAL TERM
Topical Term Buddism
942 ## - ADDED ENTRY ELEMENTS (KOHA)
Koha item type Books
Holdings
Withdrawn status Lost status Damaged status Not for loan Home library Current library Date acquired Cost, normal purchase price Full call number Accession Number Price effective from Koha item type
        MACL MACL 23/10/2020 495.00 294.7 CRE037486 23/10/2020 Books